Reliez les acteurs d'Astérix Mission Cléopâtre à leur personnage - Statistiques

Statistiques générales
  • Ce quiz a été pris 573 fois
  • Le résultat moyen est 11 sur 15
Statistiques - réponses
Hint Réponse % Correct
Monica Bellucci Cléopâtre
97%
Christian Clavier Astérix
96%
Gérard Depardieu Obélix
96%
Jamel Debbouze Numérobis
93%
Alain Chabat Jules César
91%
Gérard Darmon Amonbofis
79%
Édouard Baer Otis
78%
Isabelle Nanty Itinéris
74%
Marina Foïs Sucettalanis
64%
Claude Rich Panoramix
60%
Jean-Paul Rouve Caius Antivirus
52%
Jean Benguigui Malococsis
50%
Dieudonné Caius Céplus
48%
Noémie Lenoir Guimieukis
47%
Chantal Lauby Cartapus
43%
Aucun quiz correspondant
Distribution des résultats
% des personnes avec chaque résultat
Percentile par nombre de réponses
Votre historique - résultats
Vous n’avez pas pris ce quiz